000 00996pam a2200277 a 4500
008
020 _a1853390747 (pbk.)
049 _aMAIN
090 _aTJ163.25.D44
_bHUR
100 1 _aHurst, Chris
245 1 4 _aThe energy dimension :
_ba practical guide to energy in rural development programmes /
_cChristopher Hurst and Andrew Barnett
260 _aLondon :
_bSussex Research Associates Ltd.,
_c1990
300 _ax, 166 p. :
_bill. ;
_c23 cm.
500 _aIncludes index.
504 _aIncludes bibliographical references.
650 0 _aPower resources
_zDeveloping countries.
650 0 _aRenewable energy sources
_zDeveloping countries.
650 0 _aAgriculture and energy
_zDeveloping countries.
650 0 _aRural development projects
_zDeveloping countries.
700 1 _aBarnett, Andrew.
907 _a.b10382276
_b27-09-17
_c14-09-17
003
005 20230123122254.0
040 _cNUST
942 _cBOOKS
_kTJ163.25.D44
_mHUR
999 _c130792
_d130792